| 000 | 01395nam a2200265 a 4500 | ||
|---|---|---|---|
| 008 | 190516s2013 ||||||||||||||||| || u | ||
| 020 | _a9781905783786 (hardback) | ||
| 020 | _a1905783787 (hardback) | ||
| 050 | _aK 87 Oil | ||
| 100 | _aHammerson, Marc | ||
| 245 | 1 | 0 |
_aOil and gas decommissioning : law, policy and comparative practice _cconsulting editor Marc Hammerson. |
| 260 |
_aLondon _bGlobe Law and Business _c2013 |
||
| 260 |
_aLondon _bGlobe Business Publishing _c2013 |
||
| 300 | _a391 pages : illustrations | ||
| 336 |
_atext _2rdacontent |
||
| 337 |
_aunmediated _2rdamedia |
||
| 338 |
_avolume _2rdacarrier |
||
| 350 | _a83.70 | ||
| 500 | _aIncludes bibliographical references. | ||
| 650 | 0 | _aPETROLEUM INDUSTRY AND TRADE | |
| 995 |
_FCBU-MAIN LIBRARY (Kitwe) _I83.70 _M2 _UAVAILABLE _WMay 16, 2019 _ZAnnex Low-Usage Collection |
||
| 995 |
_FCBU-MAIN LIBRARY (Kitwe) _I83.70 _M3 _UAVAILABLE _WMay 16, 2019 _ZAnnex Low-Usage Collection |
||
| 995 |
_FCBU-MAIN LIBRARY (Kitwe) _I83.70 _M1 _UAVAILABLE _WMay 16, 2019 _ZAnnex Low-Usage Collection |
||
| 995 |
_FCBU-MAIN LIBRARY (Kitwe) _I83.70 _M4 _UAVAILABLE _WMay 16, 2019 _ZAnnex Low-Usage Collection |
||
| 999 |
_c81551 _d81551 |
||